000 04437nam0a2200433 4500
001 RU\NLR\BIBL_A\012933014
005 20230111164635.0
010 _a978-5-7996-3477-3
_9100
021 _aRU
_bКН-П-22-067717
_9КН-П-22-5895
035 _a(NLR Aleph) 012933014
035 _a(RuMoRGB)011260035
090 _a12680664
_c12680664
100 _a20221108d2022 k y0rusy50 ca
101 0 _arus
102 _aRU
105 _a |||z|||000zy
181 0 _ai3
_baxxe
182 0 _an
200 1 _aРеализация государственной молодежной политики в Российской Федерации в условиях современных вызовов и неопределенностей
_eмонография
_fА. И. Андрианова, И. Г. Арцыбашев, М. А. Бедулева [и др.]
_gпод общей редакцией доктора педагогических наук А. В. Пономарева и кандидата философских наук Н. В. Поповой
_gМинистерство науки и высшего образования Российской Федерации, Уральский федеральный университет имени первого Президента России Б. Н. Ельцина, [Институт физической культуры, спорта и молодежной политики]
203 _aТекст
_bвизуальный
_cнепосредственный
210 _aЕкатеринбург
_cИзд-во Уральского университета
_d2022
215 _a210 с.
_cил., табл.
_d20
300 _aАвт. указаны на обороте тит. с.
300 _aНа обл.: 90 лет достижений и побед
330 _aВ монографии систематизированы результаты социологических, демографических, политологических, экономических и других социогуманитарных исследований в сфере реализации государственной молодежной политики в Российской Федерации в условиях современных вызовов и неопределенностей, проведенных преподавательским составом кафедры организации работы с молодежью Института физической культуры, спорта и молодежной политики Уральского федерального университета. Коллективный труд уральских ученых подготовлен к 90-летнему юбилею института. Монография адресована научным работникам, преподавателям, аспирантам и студентам вузов, социальным работникам, психологам и социологам, специалистам по работе с молодежью, молодежным лидерам, а также всем, кто интересуется современной молодежной проблематикой
606 1 _aМолодежная политика
_yРоссийская Федерация
_2nlr_sh1
_2nlr_sh2
_3RU\NLR\AUTH\661263940
686 1 _aС550.325.1
686 1 _aТ3(2)74-298
686 1 _aФ75(2)127.4-15
701 1 _aАндрианова
_bА. И.
_gАлена Игоревна
701 1 _aАрцыбашев
_bИ. Г.
_gИгорь Григорьевич
701 1 _aБедулева
_bМ.А.
_gМарина Александровна
702 1 _aПономарев
_bА. В.
_cд-р пед. наук, канд. хим. наук
_gАлександр Владимирович
_3RU\NLR\AUTH\7735264
_4340
712 0 2 _aУральский федеральный университет им. первого Президента России Б. Н. Ельцина
_cЕкатеринбург
_bИнститут физической культуры, спорта и молодежной политики
_3RU\NLR\AUTH\8810245266
_4570
942 _cBOOK
980 _aNB